书目信息 |
| 题名: |
电影摄影工作
|
|
| 作者: | 杨 , 裴佐德 著 ;吕锦瑷 译 | |
| 分册: | ||
| 出版信息: | 北京 中国电影出版社 1982 |
|
| 页数: | 228页 | |
| 开本: | 20cm | |
| 丛书名: | ||
| 单 册: | ||
| 中图分类: | J93 | |
| 科图分类: | ||
| 主题词: | 电影摄影 , 电视摄影 | |
| 电子资源: | ||
| ISBN: | ||
| 000 | 00686nam0 2200229 450 | |
| 001 | 0635253187 | |
| 005 | 20060802102044.73 | |
| 010 | @dCNY1.45 | |
| 100 | @a20060802d1982 km y0chiy0120 ea | |
| 101 | 0 | @achi |
| 102 | @aCN@b110000 | |
| 200 | 1 | @a电影摄影工作@Adian ying she ying gong zuo@f(英)弗瑞迪·杨,保罗·裴佐德著@F(ying)fu rui di·yang,bao luo·pei zuo de zhu@g吕锦瑷等译@Glu jin ai deng yi |
| 210 | @a北京@c中国电影出版社@d1982 | |
| 215 | @a228页@d20cm | |
| 606 | 0 | @a电影摄影 |
| 606 | 0 | @a电视摄影 |
| 690 | @aJ93@v3 | |
| 701 | 0 | @a杨@Ayang@4著 |
| 701 | 0 | @a裴佐德@Apei zuo de@4著 |
| 702 | 0 | @a吕锦瑷@Alu jin ai@4译 |
| 801 | 0 | @aCN@bPFT@c20060802 |
| 905 | @a10447@dJ93@e130 | |
| 电影摄影工作/(英)弗瑞迪·杨,保罗·裴佐德著/吕锦瑷等译.-北京:中国电影出版社,1982 |
| 228页;20cm |
| ISBN :CNY1.45 |
| ● |
| 相关链接 |
|
|
|
|
正题名:电影摄影工作
索取号:J93/130
 
预约/预借
| 序号 | 登录号 | 条形码 | 馆藏地/架位号 | 状态 | 备注 |
| 1 | 0444210 | 204442102 | 密集书库/ [索取号:J93/130] | 在馆 | |
| 2 | 0444211 | 204442111 | 密集书库/ [索取号:J93/130] | 在馆 | |
| 3 | 0444212 | 204442120 | 密集书库/ [索取号:J93/130] | 在馆 | |
| 4 | 0466962 | 204669625 | 密集书库/ [索取号:J93/130] | 在馆 |